| 000 | 00410nam a2200157Ia 4500 | ||
|---|---|---|---|
| 008 | 170224s9999 xx 000 0 und d | ||
| 100 | _aGR Boynton | ||
| 245 | _aAgenda setting in the twenty-first century | ||
| 245 | _cGR Boynton, Glenn W Richardson | ||
| 260 | _bNew Media & Society | ||
| 260 | _c2016 | ||
| 300 | _a18:9 | ||
| 500 | _a2016 | ||
| 650 | _xCommunication Arts | ||
| 650 | _xMultimedia Arts | ||
| 999 |
_c316178 _d316178 |
||